| 000 | 00918cam a22002531a 4500 | ||
|---|---|---|---|
| 001 | sa 66000645 | ||
| 003 | DLC | ||
| 005 | 20260227112216.0 | ||
| 008 | 850212s1965 ii b 001 0 eng | ||
| 010 | _asa 66000645 | ||
| 035 | _a(OCoLC)11687892 | ||
| 040 |
_aDLC _cScGF _dDLC |
||
| 042 | _apremarc | ||
| 050 | 0 | 0 |
_aJQ254 _b.R3 |
| 100 | 1 | _aRashiduzzaman, M. | |
| 245 | 1 | 4 |
_aThe central legislature in British India, 1921-1947 / _cby M. Rashiduzzaman. |
| 260 |
_aDacca : _bMullick Brothers, _c1965. |
||
| 300 |
_axiv, 282 p. : _c23 cm. |
||
| 502 | _aThesis (Ph. D.)--University of Durham. | ||
| 500 | _a"Thesis approved for the degree of Doctor of Philosophy by the University of Durham and chosen co-winner of the Gilbert Campion Award by the Hansard Society for Parliamentary Government." | ||
| 504 | _aBibliography: p. [270]-277. | ||
| 500 | _aIncludes index. | ||
| 651 | 0 |
_aIndia _xPolitics and government. |
|
| 999 |
_c67362 _d67362 |
||